[Event "Commonwealth-ch U08 Girls"]
[Site "Delhi"]
[Date "2018.06.28"]
[Round "3.2"]
[White "Hatvalne, Swarali"]
[Black "Sri, Harini A"]
[Result "0-1"]
[WhiteElo "1028"]
[BlackElo "1073"]
[PlyCount "96"]
[EventDate "2018.06.26"]
[EventType "swiss"]
[EventRounds "7"]
[EventCountry "IND"]
[SourceTitle "EXT 2024"]
[Source "ChessBase"]
[SourceDate "2023.10.10"]
[SourceVersion "1"]
[SourceVersionDate "2023.10.10"]
[SourceQuality "1"]

1. e4 c5 2. Nf3 d6 3. c3 Nf6 4. h3 Nxe4 5. Qa4+ Bd7 6. Qxe4 Nc6 7. Bd3 g6 8. Qe2 Bg7 9. Bc2 0-0 10. 0-0 Re8 11. d3 Rc8 12. Be3 Qb6 13. Bb3 Bf5 14. Qd2 Rcd8 15. Bh6 Bh8 16. Ng5 d5 17. Nf3 c4 18. Ba4 Bxd3 19. Re1 e5 20. Be3 Qa5 21. Bxc6 bxc6 22. Na3 e4 23. Nd4 Qc7 24. Bf4 Qd7 25. Ne2 c5 26. Nc1 d4 27. cxd4 cxd4 28. Nxd3 cxd3 29. Nc4 Qe6 30. Na3 Bg7 31. f3 f5 32. Bg5 Rc8 33. b3 Rc3 34. Rac1 e3 35. Qd1 Rxc1 36. Qxc1 d2 37. Qd1 dxe1Q+ 38. Qxe1 d3 39. Qb1 d2 40. Nc2 Bf6 41. Bxe3 Bc3 42. Qd1 Qxe3+ 43. Nxe3 Rxe3 44. Kh2 Re1 45. Qxe1 dxe1Q 46. a4 Be5+ 47. g3 Qxg3+ 48. Kh1 Qh2# 0-1